| 000 | 01015nas a2200337 4500 | ||
|---|---|---|---|
| 001 | BR2013010333 | ||
| 003 | BR-BrBNA | ||
| 005 | 20231205123430.0 | ||
| 007 | ta | ||
| 008 | 230509b bl.|||p| |||| 00| 00por d | ||
| 040 |
_aBR-BrBNA _bpor _cBiblioteca Nacional de Agricultura |
||
| 041 | _a(Pt) | ||
| 072 | _aL74 | ||
| 100 | 1 | _aMoura, C.S. | |
| 100 | 1 | _aNunes, A.K.S. | |
| 100 | 1 | _aSilva, B.S. | |
| 100 | 1 | _aPeixoto, C.A. | |
| 100 | 1 | _aSilva, A.R. | |
| 100 | 1 | _aSilva, S.V. | |
| 100 | 1 | _aGuerra, M.M.P. | |
| 245 | 1 | _aEfeito da temperatura de descongelação na integridade de espermatozoides criopreservação de cães | |
| 650 | _aCÃO | ||
| 650 | _aTEMPERATURA | ||
| 650 | _aSEMEN | ||
| 650 | _aCRIOPRESERVAÇÃO | ||
| 650 | _aESPERMATOZOIDE | ||
| 650 | _aDESCONGELAMENTO | ||
| 773 | 0 |
_tArquivo Brasileiro de Medicina Veterinária e Zootecnia (Brazil) _xISSN 0102-0935 _g(Aug 2013), v. 65(4) p. 1057-1064 _wBR2013010333 |
|
| 909 |
_a202311 _bLúcia _c55 _dLúcia Elande |
||
| 942 |
_2AGRIS _n0 _cANA |
||
| 999 |
_c233842 _d233842 |
||